000
00318 a2200109 4500
001
ART_33052
005
20260410161926.0
008
260409a
245
1
0
_a
Perspectivas del mercado granario en el largo plazo
100
1
_a
Philipps, Marcelo
773
0
_t
Lecturas
_g
- NÂș 13 (ene. 2009)
_w
REV19328
999
_c
28185
_d
28185